000 00326nam a2200121Ia 4500
005 20251222143251.0
008 251222s9999||||xx |||||||||||||| ||spa||
082 _a570.2/C28
100 _aCarenzi, M.
245 0 _aL'apprendimiento della Biologia e della Chimica come Reinvenzione Guidata:
264 _bDiesse
942 _cLIB
999 _c14970
_d14970